Suomen maakunnat - Statistics

Yleistilastot
  • Tätä visaa on pelattu 210 kertaa
  • Keskiarvotulos 17 / 19
Vastaustilastot
Vastaus % Oikein
Lappi
99%
Pohjois-pohjanmaa
98%
Etelä-pohjanmaa
96%
Keski-pohjanmaa
96%
Uusimaa
96%
Pohjois-karjala
92%
Pohjois-savo
92%
Etelä-karjala
91%
Etelä-savo
91%
Kainuu
90%
Pohjanmaa
88%
Varsinais-suomi
88%
Ahvenanmaa
86%
Keski-suomi
86%
Päijät-häme
86%
Kanta-häme
85%
Pirkanmaa
83%
Kymenlaakso
80%
Satakunta
78%
Ehtoja vastaavia visoja ei löytynyt
Tulosjakauma
Jokaisen tuloksen saaneiden osuus
Persentiili vastausten määrän mukaan
Tuloshistoriasi
Et ole pelannut tätä visaa